Metaphysica

Guardat en:
Dades bibliogràfiques
Autor principal: Aristóteles, 384 a.C.- 322 a.C (Autor)
Format: Llibre
Idioma:anglès
grec
Publicat: Londres Oxford University Press 1960
Col·lecció:Scriptorum Classicorum Bibliotheca Oxoniensis
Matèries:
Etiquetes: Afegir etiqueta
Sense etiquetes, Sigues el primer a etiquetar aquest registre!

MARC

LEADER 00000nam a2200000 a 4500
001 UCY6290
003 CL-VaPUC
008 950521e19600000UK |||||||||||||||||eng|d
041 0 7 |a eng  |2 CL-VaPUC 
041 0 7 |a gre  |2 CL-VaPUC 
082 0 4 |a 185  |b ARI  |2 21 
100 |a Aristóteles,  |d 384 a.C.- 322 a.C.  |e author  |9 194 
245 1 0 |a Metaphysica 
300 |a 312 p 
942 |c BK 
945 |d 19950521 00:00:00  |a oaravena 
260 |a Londres  |b Oxford University Press  |c 1960 
600 0 |a Aristóteles,  |d 384 a.C.- 322 a.C.  |9 194 
650 0 |a Filosofía   |9 223554 
650 0 |a Filosofía antigua   |9 255705 
650 0 |a Metafísica  |9 265649 
650 0 |a Ontología   |9 256850 
651 0 |a Grecia  |9 265314 
583 |a last modification  |c 19950521 00:00:00  |k Rodrigo Vera 
490 0 |a Scriptorum Classicorum Bibliotheca Oxoniensis 
999 |c 233866  |d 233864 
952 |0 0  |1 0  |4 0  |6 185_000000000000000_ARI_1960  |7 0  |8 P  |9 239665  |a BIBEDU  |b BIBEDU  |c BIBEDU_PB  |d 2019-11-18  |i 1506781  |l 1  |o 185 ARI 1960  |p 1506781  |r 2024-01-25  |s 2022-08-17  |w 2019-11-18  |y BK  |k FIL